|
|
|
|
| LEADER |
00572nam a2200157Ia 4500 |
| 008 |
160114b xxu||||| |||| 00| 0 eng d |
| 082 |
|
|
|a 423
|
| 100 |
|
|
|a Hornby, A. S.
|
| 245 |
|
|
|a Oxford advanced learner's dictionary of current English /
|c By A.S. Hornby
|
| 250 |
|
|
|a 5th ed.
|
| 260 |
|
|
|a Oxford :
|b Oxford University Press,
|c 1997.
|
| 300 |
|
|
|a 1475 p.
|
| 653 |
|
|
|a English dictionaries
|
| 942 |
|
|
|c REF
|
| 999 |
|
|
|c 143261
|d 143261
|
| 952 |
|
|
|0 0
|1 0
|4 0
|6 423_000000000000000_HOR_O5
|7 0
|9 152356
|a LIS
|b LIS
|c REF
|d 2006-04-11
|g 360.00
|i 01637
|l 0
|o 423 HOR/O5
|p LIS1637
|r 2016-07-26
|w 2016-07-26
|y REF
|